| 000 | 00515nam a2200181Ia 4500 | ||
|---|---|---|---|
| 005 | 20250508155243.0 | ||
| 008 | 008 250505s9999 xx 000 0 eng d | ||
| 037 | _aBooks to be hide in OPAC | ||
| 040 |
_aFEDL _beng _cFEDL |
||
| 041 |
_aeng _2eng |
||
| 084 |
_a378.54, DEL/O _qFEDL |
||
| 245 | 0 | _aUniversity of Delhi. Forty-fourth annual report 1965-66. 2 Vol. | |
| 245 | 0 | _cUniversity of Delhi | |
| 260 | _c1951 | ||
| 300 | _a513p. | ||
| 942 |
_cHB _h378.54, DEL/O |
||
| 999 |
_c1355531 _d1355531 |
||